000 00762nam a2200241Ia 4500
003 OSt
005 20220923223447.0
006 a|||||r|||| 00| 0
007 ta
008 220922b |||||||| |||| 00| 0 hin d
024 _a216,010
037 _cTextual
040 _aARTS
_cARTS
_bhin
041 _2hin
_ahin
082 _aO152,3v, P0
100 _aगुप्त, परमलाल
_9156318
245 0 _aहिन्दी कहानी का इतिहास
246 _aHindī kahānī kā itihāsa
260 _aसतना (म0प्र0)
_b पीयूष प्रकाशन
_c2000
300 _a91 पृ.
_ccm.
942 _hO152,3v, P0
_cTEXL
_2CC
999 _c365454
_d365454